000
00197 a2200085 4500
020
_a
9781770097995
082
_b
JR 590.068
100
_a
Mathhews Lynne
_9
179211
245
_a
Mammals of Southern Africa
999
_c
752155
_d
752154
942
_w
395
_x
Kholofelo Moabelo
_y
395
_z
Kholofelo Moabelo